[Event "FIDE World Uni Rapid-E 1st"]
[Site "Tornelo INT"]
[Date "2021.03.21"]
[Round "10"]
[White "Deng, Haoyou"]
[Black "Rzeszowski, Dominik"]
[Result "0-1"]
[WhiteElo "1672"]
[BlackElo "1869"]
[PlyCount "98"]
[EventDate "2021.03.20"]
[EventType "swiss (rapid)"]
[EventRounds "12"]
[EventCountry "NET"]
[SourceTitle "EXT 2022"]
[Source "ChessBase"]
[SourceDate "2021.10.06"]
[SourceVersion "1"]
[SourceVersionDate "2021.10.06"]
[SourceQuality "1"]

1. d4 Nf6 2. c4 c5 3. d5 b5 4. cxb5 a6 5. bxa6 g6 6. Nc3 Bxa6 7. e4 Bxf1 8. Kxf1 d6 9. g3 Bg7 10. Kg2 0-0 11. Nf3 Nbd7 12. Bf4 Qb6 13. Rb1 Ng4 14. h3 Nge5 15. Nxe5 Nxe5 16. Bxe5 Bxe5 17. Qd3 Rfb8 18. f4 Bxc3 19. bxc3 Rxa2+ 20. Kf3 Rb2 21. Rxb2 Qxb2 22. Re1 Rb3 23. Re3 h5 24. e5 Qc1 25. h4 Qh1+ 26. Kf2 Rb1 27. Re2 Qg1+ 28. Kf3 Rf1+ 29. Ke4 Qh1+ 30. Ke3 Rf3+ 31. Kd2 Rxd3+ 32. Kxd3 Qxd5+ 33. Kc2 c4 34. Rd2 Qe4+ 35. Kb2 dxe5 36. fxe5 Qxe5 37. Rd4 Qb5+ 38. Kc2 Qb3+ 39. Kd2 Qb2+ 40. Ke3 Qxc3+ 41. Ke4 e6 42. g4 hxg4 43. h5 Qxd4+ 44. Kxd4 g3 45. Kxc4 g2 46. hxg6 fxg6 47. Kd4 g1Q+ 48. Ke5 Qg5+ 49. Kxe6 Kf8 0-1

[Event "FISCA Online op"]
[Site "Chess.com INT"]
[Date "2020.06.26"]
[Round "7"]
[White "Dita, Luca Valentin"]
[Black "Deng, Haoyou"]
[Result "0-1"]
[WhiteElo "1235"]
[BlackElo "1672"]
[PlyCount "60"]
[EventDate "2020.06.19"]
[EventType "swiss"]
[EventRounds "9"]
[EventCountry "ROU"]
[SourceTitle "CBM 197 Extra"]
[Source "ChessBase"]
[SourceDate "2020.09.30"]
[SourceVersion "1"]
[SourceVersionDate "2020.09.30"]
[SourceQuality "1"]

1. d4 Nf6 2. g3 d5 3. Bg2 Bf5 4. Nf3 e6 5. 0-0 Be7 6. b3 0-0 7. Bb2 Nbd7 8. Nbd2 Ne4 9. c4 c6 10. a3 Rc8 11. c5 Qc7 12. Nxe4 Bxe4 13. b4 f6 14. Qd2 e5 15. Qc3 Rce8 16. dxe5 fxe5 17. Nxe5 Bf6 18. f4 Nxe5 19. fxe5 Bxe5 20. Qd2 Rxf1+ 21. Rxf1 Bxb2 22. Qxb2 Bxg2 23. Kxg2 Qe7 24. Re1 Qe4+ 25. Kg1 Qe3+ 26. Kg2 h5 27. h4 Re4 28. Kh2 Qf2+ 29. Kh3 Qxe1 30. Qc2 Qh1# 0-1